000 00492nam a2200181Ia 4500
005 20250508151324.0
008 008 250505s9999 xx 000 0 eng d
037 _aTextual
040 _aFEDL
_beng
_cFEDL
041 _aeng
_2eng
084 _a420.7, SMI
_qFEDL
100 _aSmith A E
_9758860
245 0 _aEnglsih in the modern school
260 _aLondon, UK
_bMethuen and Co. Ltd.
_c1954
300 _a166p.
942 _cTEXL
_h420.7, SMI
999 _c1329038
_d1329038